Povinné zverejňovanie na webovom sídle školy

Bibliographic Details
Main Author: Macháčová, Andrea (Author)
Format: Article
Language:Slovak
ISSN:1337-0170
Subjects:

MARC

LEADER 00000nab a2200000 4500
001 vtls011915500
003 SK-MaSNL
005 20260303215152.0
008 200205|2019 xo |||| ||an ||00 0|slo
015 |a SNBRB2020/02 
040 |a SPKCL  |b slo  |e rda 
041 |a slo 
044 |a xo  |c SK 
072 7 |a 004  |x Počítačová veda. Výpočtová technika. Informačné technológie  |2 konspekt 
080 |a 001.102:004.774  |2 2011 
100 1 |a Macháčová, Andrea  |4 aut  |9 1227793 
245 1 0 |a Povinné zverejňovanie na webovom sídle školy  |c Andrea Macháčová 
336 |a text  |b txt  |2 rdacontent 
337 |a bez média  |b n  |2 rdamedia 
338 |a zväzok  |b nc  |2 rdacarrier 
650 0 7 |a dostupnosť informácií  |2 SNKPH  |9 89057 
650 0 7 |a webové portály  |2 SNKPH  |9 151339 
650 0 7 |a školstvo  |2 SNKPH  |9 19712 
773 0 |t Právny kuriér pre školy  |g Roč. 14, č. 10 (2019), s. 6-8  |x 1337-0170 
999 |c 2220321  |d 2222251